Mấy vấn đề nghiên cứu hệ tìm tin.

Gespeichert in:
Bibliographische Detailangaben
Format: Artikel
Sprache:Vietnamese
Tags: Tag hinzufügen
Keine Tags, Fügen Sie den ersten Tag hinzu!
Thư viện lưu trữ: Thư viện Trường Đại học Đà Lạt
LEADER 00594nam a2200217 4500
001 DLU090102287
005 ##20091202
040 # # |a DLU  |b vie 
041 # # |a vie 
044 # # |a vn 
245 # # |a Mấy vấn đề nghiên cứu hệ tìm tin. 
773 # # |t Thông tin Khoa học Xã hội  |g Số 5, 1982, tr. 70-76 
920 # # |a Phòng Tạp chí -- Trung tâm Thông tin - Thư viện Trường Đại học Đà Lạt 
994 # # |a DLU 
900 # # |a True 
911 # # |a Đào Thị Thu Huyền 
925 # # |a G 
926 # # |a A 
927 # # |a BB 
980 # # |a Thư viện Trường Đại học Đà Lạt